000 00905cam a22001814a 4500
005 20250605163227.0
008 250528s ||||||||||||||||||||||||d
035 _a14885
020 _a803957696
040 _aGR-AtMCL
_bgre
_dGR-AtMCL
_eAACR2
245 1 _aLeadership / Theory and Practice
260 _bNorthouse Peter G
_bSage Publications,
_c1997
300 _a278
520 _aThis book gives special attention to how each theory can be employed to improve leadership in real-world organizations. Preface, Acknowledgements, Introduction, Trait Approach, Style Approach, Situational Approach, Contingency Theory, Path-Goal Theory, Leader-Member Exchange Theory, Transformational Leadership, Team Leadership Theory, Psychodynamic Approach, Women and Leadership, Popular Approaches to Leadership, Summary, References, Author and Subject Index.
942 _cBK
999 _c496
_d496